01208nam a2200289 i 4500003000900000005001700009007000300026008004100029020001800070040003000088082001900118100005800137245019500195264006600390300003800456336002700494337003400521338002800555490005200583490001900635500007200654590002700726910001400753942001300767952012100780999001700901DO-SdBNP20250610110618.0ta250610b2022 dr d r 00| 0 spa d a9789945509236 aDO-SdBNPbspacBNPHUerda 4axxxxbF3632221 aFernández Florencio, Katherine987932eautora4aut.10aMedioambiente y cambio climático :banálisis especializado con base en la encuesta de cultura política y cambio climático en Repùblica Dominicana /cKatherine Fernández Florencio 1aSanto Domingo :bFundación Friedrich Ebert Stiftung,c2022. a12 páginas bgrafícasc30 cm. atextobtxt2rdacontent asin mediación bn2rdamedia 2rdacurrieravolumenbnc1 aCambio climático, energía y medioambiente ;1 aPerspectiva ;  aIncluye datos biográficos de la autora en la última página.  aInventariado, 2025/ YL aYLockward 2ddccLF2 00102ddc51708PD-FaBNPHUbBNPHUcCTd2022-11-24l0oBNPHU F-PD xxxx F363p2025-4987r2025-06-10w2025-06-10yLF2 c59196d59196